Every Song by the Offspring - Statistics

General Stats
  • This quiz has been taken 149 times
    47 since last reset
  • The average score is 44 of 137
Answer Stats
Album Song % Correct
Americana(1998) The Kids Aren't Alright
93%
Americana(1998) Pretty Fly (For a White Guy)
89%
Americana(1998) Americana
81%
Smash(1994) Self Esteem
81%
Rise and Fall, Rage and Grace(2008) You're Gonna Go Far, Kid
78%
Smash(1994) Come Out and Play
74%
Americana(1998) Why Don't You Get a Job?
70%
Ixnay on the Hombre(1997) Gone Away
67%
Let the Bad Times Roll(2021) Let the Bad Times Roll
67%
Rise and Fall, Rage and Grace(2008) Rise and Fall
63%
Smash(1994) Smash
63%
Conspiracy of One(2000) Want You Bad
63%
Conspiracy of One(2000) Original Prankster
59%
Conspiracy of One(2000) Conspiracy of One
56%
Days Go By(2012) Days Go By
52%
Rise and Fall, Rage and Grace(2008) Half-Truism
48%
Americana(1998) Have You Ever
48%
Splinter(2003) Hit That
48%
Americana(1998) She's Got Issues
48%
Splinter(2003) (Can't Get My) Head Around You
44%
Americana(1998) Staring at the Sun
44%
Americana(1998) Walla Walla
44%
Americana(1998) Welcome
44%
Days Go By(2012) | Ignition(1992) Dirty Magic
41%
Smash(1994) Gotta Get Away
41%
Conspiracy of One(2000) Intro
41%
Rise and Fall, Rage and Grace(2008) Kristy, Are You Doing Okay?
41%
Smash(1994) Nitro (Youth Energy)
41%
Americana(1998) No Brakes
41%
Americana(1998) Pay the Man
41%
Ixnay on the Hombre(1997) All I Want
37%
Let the Bad Times Roll(2021) Behind Your Walls
37%
Conspiracy of One(2000) Come Out Swinging
37%
Days Go By(2012) Dividing By Zero
37%
Smash(1994) Genocide
37%
Rise and Fall, Rage and Grace(2008) Nothingtown
37%
Days Go By(2012) Slim Pickens Does the Right Thing and Rides the Bomb to Hell
37%
Smash(1994) Bad Habit
33%
Greatest Hits(2005) Can't Repeat
33%
SUPERCHARGED(2024) Come to Brazil
33%
Splinter(2003) Da Hui
33%
Rise and Fall, Rage and Grace(2008) Hammerhead
33%
Ignition(1992) Kick Him When He's Down
33%
SUPERCHARGED(2024) Light It Up
33%
SUPERCHARGED(2024) Make It All Right
33%
Conspiracy of One(2000) Million Miles Away
33%
Conspiracy of One(2000) One Fine Day
33%
Americana(1998) The End of the Line
33%
Let the Bad Times Roll(2021) This is Not Utopia
33%
Rise and Fall, Rage and Grace(2008) Trust in You
33%
Conspiracy of One(2000) Vultures
33%
Let the Bad Times Roll(2021) We Never Have Sex Anymore
33%
Smash(1994) What Happened to You?
33%
Baghdad(1991) Baghdad
30%
Let the Bad Times Roll(2021) Breaking These Bones
30%
Let the Bad Times Roll(2021) Coming for You
30%
Greatest Hits(2005) Defy You
30%
Let the Bad Times Roll(2021) Hassan Chop
30%
Ixnay on the Hombre(1997) Intermission
30%
The Offspring(1989) Jennifer Lost the War
30%
Ignition(1992) L.A.P.D.
30%
SUPERCHARGED(2024) Looking Out for #1
30%
Let the Bad Times Roll(2021) Lullaby
30%
Days Go By(2012) Secrets from the Underground
30%
Smash(1994) Something to Believe In
30%
Splinter(2003) Spare Me the Details
30%
The Offspring(1989) Tehran
30%
Days Go By(2012) The Future is Now
30%
Ixnay on the Hombre(1997) The Meaning of Life
30%
Smash(1994) Time to Relax (Intro)
30%
Rise and Fall, Rage and Grace(2008) A Lot Like Me
26%
Let the Bad Times Roll(2021) Army of One
26%
Conspiracy of One(2000) Dammit, I Changed Again
26%
The Offspring(1989) Elders
26%
Rise and Fall, Rage and Grace(2008) Fix You
26%
SUPERCHARGED(2024) Get Some
26%
Smash(1994) It'll Be a Long Time
26%
Splinter(2003) Lightning Rod
26%
Ixnay on the Hombre(1997) Me & My Old Lady
26%
SUPERCHARGED(2024) Ok, But This Is the Last Time
26%
Ignition(1992) Session
26%
Conspiracy of One(2000) Special Delivery
26%
Rise and Fall, Rage and Grace(2008) Takes Me Nowhere
26%
SUPERCHARGED(2024) The Fall Guy
26%
Splinter(2003) The Noose
26%
Ixnay on the Hombre(1997) Amazed
22%
The Offspring(1989) Blackball
22%
Ixnay on the Hombre(1997) Change the World
22%
Ixnay on the Hombre(1997) Cool to Hate
22%
Days Go By(2012) Cruising California (Bumpin' in My Trunk)
22%
The Offspring(1989) Demons (A Mexican Fiesta)
22%
Conspiracy of One(2000) Denial, Revisited
22%
SUPERCHARGED(2024) Hanging By a Thread
22%
Days Go By(2012) Hurting as One
22%
Ignition(1992) Hypodermic
22%
Ixnay on the Hombre(1997) I Choose
22%
The Offspring(1989) I'll Be Waiting
22%
Ixnay on the Hombre(1997) Mota
22%
Smash(1994) Not the One
22%
The Offspring(1989) Out on Patrol
22%
Splinter(2003) Race Against Myself
22%
Let the Bad Times Roll(2021) The Opioid Diaries
22%
Splinter(2003) The Worst Hangover Ever
22%
SUPERCHARGED(2024) Truth in Fiction
22%
Ixnay on the Hombre(1997) Way Down the Line
22%
SUPERCHARGED(2024) You Can't Get There from Here
22%
Days Go By(2012) All I Have Left is You
19%
The Offspring(1989) Beheaded
19%
The Offspring(1989) Crossroads
19%
Ixnay on the Hombre(1997) Disclaimer
19%
Ixnay on the Hombre(1997) Don't Pick It Up
19%
Days Go By(2012) I Wanna Secret Family (With You)
19%
Ixnay on the Hombre(1997) Leave It Behind
19%
Rise and Fall, Rage and Grace(2008) Let's Hear It for Rock Bottom
19%
Conspiracy of One(2000) Living in Chaos
19%
Splinter(2003) Long Way Home
19%
Splinter(2003) Neocon
19%
Splinter(2003) Never Gonna Find Me
19%
Ignition(1992) No Hero
19%
Days Go By(2012) OC Guns
19%
Smash(1994) So Alone
19%
Rise and Fall, Rage and Grace(2008) Stuff is Messed Up
19%
Ignition(1992) Take It Like a Man
19%
Days Go By(2012) Turning into You
19%
Splinter(2003) When You're in Prison
19%
The Offspring(1989) A Thousand Days
15%
Ignition(1992) Burn It Up
15%
Club Me(1997) D.U.I.
15%
Ignition(1992) Forever and a Day
15%
The Offspring(1989) Kill the President
15%
Ignition(1992) We Are One
15%
Conspiracy of One(2000) All Along
11%
Ignition(1992) Get It Right
11%
Conspiracy of One(Japanese Edition)(2000) Huck It
11%
Ignition(1992) Nothing from Something
11%
Baghdad(1991) The Blurb
0%
No matching quizzes found
Score Distribution
Percent of People with Each Score
Percentile by Number Answered
Your Score History
You have not taken this quiz since the last reset